00890pab a2200169 454500008004000000100001700040245006700057260000900124300001500133362001000148520038200158650001400540773003400554909001000588999001700598952010500615180718b2000 xxu||||| |||| 00| 0 eng d aDeb, Kaushik aPrivate investment and policy developments in transport sector c2000 ap.1277-282 a8 Apr aLiberalisation has led to the state withdrawing gradually from several infrastructure sectors even as it has pushed up the requirements of capital for economic development. This has boosted the importance of private-sector investment, especially in infrastructure development. This paper reviews policy developments in the transport sector in this new environment. - Reproduced aTransport aEconomic and Political Weekly a44515 c44515d44515 00104070aIIPAbIIPAd2018-07-19hVolume no: 35, Issue no: 15pAR44925r2018-07-19w2018-07-19yAR